Normal view
MARC view
Entry Personal Name
001 - CONTROL NUMBER
- control field: 77281
003 - CONTROL NUMBER IDENTIFIER
- control field: dpl
005 - DATE AND TIME OF LATEST TRANSACTION
- control field: 20250130123037.0
008 - FIXED-LENGTH DATA ELEMENTS
- fixed length control field: 250130|| aca||aabn | a|a d
040 ## - CATALOGING SOURCE
- Original cataloging agency: dpl
- Transcribing agency: dpl
100 ## - HEADING--PERSONAL NAME
- Personal name: अग्रवाल, डॉ. मीनाक्षी
670 ## - SOURCE DATA FOUND
- Source citation: Work cat.: (dpl)208885: अग्रवाल, डॉ. मीनाक्षी, हिन्दी व्याकरण एव रचना/, 2011
